| 000 | 00360nam a2200145Ia 4500 | ||
|---|---|---|---|
| 008 | 230312s9999||||xx |||||||||||||| ||und|| | ||
| 082 |
_a658.45 _bTUR-O |
||
| 100 | _aPaul Turner | ||
| 245 | 0 | _aOrganisational Communication : | |
| 260 |
_bCIPD _aLondon _c2003 |
||
| 300 | _a186 | ||
| 546 | _aEng. | ||
| 650 |
_aManagement _vVibration and Frequencies |
||
| 942 | _cBK | ||
| 999 |
_c430 _d430 |
||